[Event "Chefchaouen op 20th"]
[Site "Chefchaouen"]
[Date "2024.01.24"]
[Round "6"]
[White "Becham, Khalid"]
[Black "Ouazri, Anass"]
[Result "1/2-1/2"]
[WhiteElo "2146"]
[BlackElo "2026"]
[PlyCount "117"]
[EventDate "2024.01.21"]
[EventType "swiss"]
[EventRounds "7"]
[EventCountry "MAR"]
[SourceTitle "EXT 2025"]
[Source "ChessBase"]
[SourceDate "2024.10.14"]
[SourceVersion "1"]
[SourceVersionDate "2024.10.14"]
[SourceQuality "1"]

1. e4 c5 2. Nf3 g6 3. d4 cxd4 4. Nxd4 Nc6 5. c4 Nf6 6. Nc3 Nxd4 7. Qxd4 d6 8. Bg5 Bg7 9. Qd2 0-0 10. Bd3 a5 11. 0-0 Bd7 12. Rfe1 Bc6 13. Nd5 e6 14. Nc3 a4 15. Rad1 Qa5 16. a3 d5 17. cxd5 exd5 18. e5 Ng4 19. Qf4 Nxe5 20. Rxe5 f6 21. Re6 fxg5 22. Qxg5 d4 23. Qxa5 Rxa5 24. Ne4 Re5 25. Rxe5 Bxe5 26. g3 Rd8 27. Ng5 Bf6 28. Bc4+ Bd5 29. Bxd5+ Rxd5 30. Ne4 Bg7 31. Nc3 Ra5 32. Ne2 Kf7 33. Nf4 Rb5 34. Nd3 Ke6 35. Kf1 Kd5 36. Rc1 Rb6 37. Rc7 Bf8 38. Rxh7 Rc6 39. Rxb7 Ke4 40. Ne1 d3 41. f3+ Ke3 42. Ng2+ Kd2 43. Nf4 Rc1+ 44. Kg2 g5 45. Nxd3 Kxd3 46. Ra7 Rc4 47. Ra5 Be7 48. Re5 Bf6 49. Rf5 Be7 50. Re5 Bf6 51. Rf5 Rc6 52. Ra5 Rc4 53. Rf5 Rc6 54. Ra5 Rc4 55. Rf5 Bxb2 56. Rxg5 Bxa3 57. Ra5 Bb2 58. h3 a3 59. h4 1/2-1/2

[Event "World Amateur-ch U2300"]
[Site "Spoleto"]
[Date "2017.04.06"]
[Round "7"]
[White "Ouazri, Anass"]
[Black "Trasciatti, Mirko"]
[Result "1/2-1/2"]
[WhiteElo "2135"]
[BlackElo "2017"]
[PlyCount "71"]
[EventDate "2017.04.01"]
[EventType "swiss"]
[EventRounds "9"]
[EventCountry "ITA"]
[SourceTitle "CBM 177 Extra"]
[Source "ChessBase"]
[SourceDate "2017.04.27"]
[SourceVersion "1"]
[SourceVersionDate "2017.04.27"]
[SourceQuality "1"]

1. c4 e5 2. g3 Nc6 3. Bg2 f5 4. Nc3 Bb4 5. Nd5 Bc5 6. d3 Nf6 7. Bg5 Bxf2+ 8. Kf1 Bc5 9. Nf3 Be7 10. Nxe7 Qxe7 11. h3 0-0 12. Kf2 e4 13. Nh4 d6 14. Qd2 Qe8 15. Rag1 Ne5 16. b3 h6 17. Bxf6 Rxf6 18. d4 Nc6 19. Bf1 Bd7 20. Ng2 Qf7 21. Nf4 Ne7 22. e3 Kh8 23. Be2 g5 24. Ng2 b6 25. h4 g4 26. Nf4 c6 27. h5 Qg8 28. Rc1 Qd8 29. d5 c5 30. Qb2 Ng8 31. Ra1 Kh7 32. Rhb1 Rf7 33. Ng6 Nf6 34. Nf4 Ng8 35. Ng6 Nf6 36. Nf4 1/2-1/2

[Event "World Amateur-ch U2300"]
[Site "Spoleto"]
[Date "2017.04.05"]
[Round "6"]
[White "Akeya Price, Robert A"]
[Black "Ouazri, Anass"]
[Result "0-1"]
[WhiteElo "1706"]
[BlackElo "2135"]
[PlyCount "106"]
[EventDate "2017.04.01"]
[EventType "swiss"]
[EventRounds "9"]
[EventCountry "ITA"]
[SourceTitle "CBM 177 Extra"]
[Source "ChessBase"]
[SourceDate "2017.04.27"]
[SourceVersion "1"]
[SourceVersionDate "2017.04.27"]
[SourceQuality "1"]

1. d4 Nf6 2. c4 g6 3. Nc3 d5 4. cxd5 Nxd5 5. Bd2 Bg7 6. e4 Nxc3 7. Bxc3 c5 8. d5 Bxc3+ 9. bxc3 0-0 10. Nf3 e6 11. Bc4 exd5 12. Bxd5 Qe7 13. 0-0 Nd7 14. Re1 Rd8 15. Qb3 Nb6 16. Re3 Bg4 17. h3 Bxf3 18. Rxf3 Nxd5 19. exd5 Rd6 20. Re3 Qd7 21. c4 b5 22. Qxb5 Qxb5 23. cxb5 Rxd5 24. Rc3 Kf8 25. Rac1 Rc8 26. Kf1 Ke7 27. Ke2 Kd6 28. Rd3 c4 29. Rdc3 Rxb5 30. Rxc4 Rxc4 31. Rxc4 Rb2+ 32. Ke3 Rxa2 33. Rc8 a5 34. Ra8 Kc5 35. Kf3 Kb4 36. Rb8+ Ka3 37. Ke3 Rb2 38. Ra8 a4 39. Ra7 f5 40. Rxh7 Ka2 41. Rg7 Rb6 42. Ra7 a3 43. Kf4 Kb2 44. f3 a2 45. g4 fxg4 46. fxg4 Rb5 47. h4 a1Q 48. Rxa1 Kxa1 49. h5 gxh5 50. g5 Rb4+ 51. Kf5 Rg4 52. Kg6 h4 53. Kh5 Ra4 0-1

[Event "World Amateur-ch U2300"]
[Site "Spoleto"]
[Date "2017.04.02"]
[Round "2"]
[White "Ouazri, Anass"]
[Black "Pogosyan, Stefan"]
[Result "0-1"]
[WhiteElo "2135"]
[BlackElo "2387"]
[PlyCount "87"]
[EventDate "2017.04.01"]
[EventType "swiss"]
[EventRounds "9"]
[EventCountry "ITA"]
[SourceTitle "CBM 177 Extra"]
[Source "ChessBase"]
[SourceDate "2017.04.27"]
[SourceVersion "1"]
[SourceVersionDate "2017.04.27"]
[SourceQuality "1"]

1. e4 e5 2. Nf3 Nc6 3. Bb5 a6 4. Ba4 Nf6 5. d3 b5 6. Bb3 Be7 7. 0-0 d6 8. c3 0-0 9. Re1 Na5 10. Bc2 c5 11. Nbd2 Re8 12. Nf1 Bf8 13. Ng3 g6 14. Be3 Bg7 15. h3 Bb7 16. Qd2 Qc7 17. Bh6 d5 18. Bxg7 Kxg7 19. Nh4 Ng8 20. b3 dxe4 21. dxe4 Qd8 22. Qxd8 Raxd8 23. Rad1 Ne7 24. Nf3 Nac6 25. a3 Bc8 26. Nf1 f6 27. Ne3 Be6 28. Rxd8 Rxd8 29. Rd1 Rxd1+ 30. Bxd1 f5 31. Bc2 Kf6 32. b4 c4 33. Nd2 h5 34. f3 f4 35. Nd1 g5 36. Nf2 Ng8 37. Bd1 Nh6 38. Kf1 Ne7 39. Kg1 Kg6 40. Nf1 Nhg8 41. Nh2 Nf6 42. Be2 Bd7 43. Bd1 Bc6 44. Be2 0-1

[Event "Africa-ch U2300"]
[Site "Lome"]
[Date "2016.08.11"]
[Round "1.5"]
[White "Ouazri, Anass"]
[Black "Oyama, Ekok Oyama"]
[Result "1-0"]
[WhiteElo "2010"]
[BlackElo "1968"]
[PlyCount "117"]
[EventDate "2016.08.11"]
[EventType "tourn"]
[EventRounds "9"]
[EventCountry "TOG"]
[SourceTitle "EXT 2024"]
[Source "ChessBase"]
[SourceDate "2023.10.10"]
[SourceVersion "1"]
[SourceVersionDate "2023.10.10"]
[SourceQuality "1"]

1. e4 c5 2. d4 cxd4 3. c3 d6 4. cxd4 Nf6 5. Nc3 g6 6. Nf3 Bg7 7. Bc4 0-0 8. Bb3 Nc6 9. h3 a6 10. 0-0 Qa5 11. Bg5 h6 12. Be3 Re8 13. Qd2 Qh5 14. Bd1 Qa5 15. Bxh6 e5 16. d5 Nd4 17. Be3 Bd7 18. Re1 Nxf3+ 19. Bxf3 Rac8 20. a3 Nh7 21. b4 Qd8 22. Kh2 Qh4 23. Rac1 Bf6 24. Rh1 Ng5 25. Qe2 Kg7 26. Bg4 Bxg4 27. Qxg4 Qxg4 28. hxg4 Rh8+ 29. Kg1 Rxh1+ 30. Kxh1 Kf8 31. f3 Ke7 32. Bb6 Kd7 33. Ne2 Rxc1+ 34. Nxc1 Bd8 35. Be3 Kc7 36. Nb3 Nh7 37. Na5 Kc8 38. Nc4 Kd7 39. Nb6+ Kc7 40. a4 Be7 41. Kg1 Bh4 42. Kf1 Bg3 43. Ke2 Bh4 44. Kd3 Be1 45. Kc4 Bg3 46. b5 axb5+ 47. Kxb5 Nf8 48. Nc4 Nd7 49. Na3 Bh2 50. Kc4 Nf8 51. Nb5+ Kd7 52. Nxd6 Kxd6 53. Bc5+ Kd7 54. Bxf8 Bg1 55. Bc5 Bh2 56. Kb5 Bf4 57. Kb6 Kc8 58. d6 Bg5 59. d7+ 1-0